000 00250nam a2200085Ia 4500
245 0 _aGevind: 'n baba voor Kersfees
100 _a IDING, Laura Parklands, 2009 Afrikaanse uitg
_993115
942 _cBK
008 210817s9999 xx 000 0 und d
999 _c401017
_d401016